000 00291nam a22001337a 4500
008 210303b ||||| |||| 00| 0 eng d
020 _a0841902097
041 _aeng
080 _a616.8
100 _a7
101 _aNEU
245 _aThe Deviant Imagination
_cPearson,G
942 _2udc
_cBK
999 _c55608
_d55608